| 000 | 00609nam a2200193 a 4500 | ||
|---|---|---|---|
| 001 | 000012688 | ||
| 005 | 20240412074234.0 | ||
| 008 | 091116s1997 dr 000 j spa d | ||
| 040 |
_aDO-SdBNP _bspa _cBNPHU |
||
| 082 |
_aRD863.44 _bP637j |
||
| 100 | 1 |
_aPilar, Sebastian del, _d1951- _929463 |
|
| 245 | 1 | 0 |
_aJirones en las entrañas / _cSebastian del Pilar. |
| 260 |
_aSanto Domingo : _bDe Colores, _c1997. |
||
| 300 |
_a75 p. ; _c22 cm. |
||
| 500 | _aIncluye datos biográficos del autor en la contracubierta | ||
| 650 | 4 |
_aCuetos dominicanos _929464 |
|
| 650 | 0 |
_aLiteratura dominicana. _967 |
|
| 049 | _aBNPD | ||
| 999 |
_c12339 _d12339 |
||